00920nam a2200181 a 450000100100000000500170001000800410002704000250006810000320009324500850012526001390021030000270034904900090037695201200038595201110050595201050061699900170072100003576120200930074606.0111110s20uu dr ac 000 0 spa d aDO-SdBNPbspacBNPHU1 aDurán Cruz, Daniel96170910aManual del testificador :bcómo crecer espiritualmente /cDaniel Durán Cruz. aSanto Domingo :bInstituto de Capacitación Laica :bAsociación Central Dominicana de los Adventistas del Séptimo día,c[200?]. a53 p. :bil. ;c21 cm. aBNPD 001054708DSaGRbGRcCTd2011-11-10iLF1l0o p35761-20r2020-06-25te. 3w2020-06-25yLFDSZPréstamo en sala 0010718PDaPDbPDcCTd2011-11-10iLF1l0o p35761-10r2020-06-25te. 2w2020-06-25yLFPDZNo se presta 0010718PDaPDbPDcCTd2011-11-10iLF1l0o p35761-30r2020-06-25w2020-06-25yLFPDZNo se presta c35252d35252